000 00844nam a2200253 a 4500
001 43892
003 BD-RjUL
005 20211209053752.0
008 160628s1996 bg a b 000 0 eng
020 _a9845561756
035 _a(BD-RjUL)44010
040 _aDLC
_cDLC
_beng
_dBD-RjUL
041 _aeng
082 0 0 _a324.95492
_223
_bAHP 1996
100 1 0 _aAhmed, Minhaj Uddin.
_9134875
245 1 0 _aParliamentary election 1996 :
_bvoting behaviour of rural electorate in Bangladesh /
_cA.J. Minhaj Uddin Ahmad
260 _aBogra, Bangladesh :
_bRural Development Academy,
_c1996
300 _a75 p. :
_bill ;
_c23 cm.
504 _aIncludes bibliographical references (p. [73]-75).
650 0 _aElections
_zBangladesh.
_9134876
651 0 _aBangladesh
_xPolitics and government.
_9116974
942 _2ddc
_cBK
999 _c43892
_d43892